| 000 | 00996cam a2200289 a 4500 | ||
|---|---|---|---|
| 001 | 4506928 | ||
| 003 | OSt | ||
| 005 | 20160511105235.0 | ||
| 008 | 980526s1999 nyuab b 001 0 eng | ||
| 010 | _a 98025873 | ||
| 020 | _a0810919915 (Abrams hardcover set) | ||
| 020 | _a0130825832 (Prentice Hall hardcover) | ||
| 020 | _a0130825816 (pbk. : vol. 1) | ||
| 020 | _a0130825824 (pbk. : vol. 2) | ||
| 040 | _aSEKU | ||
| 050 | 0 | 0 |
_aN 5300 _b.S9 1999 |
| 100 | 1 |
_aStokstad, Marilyn, _d1929- |
|
| 245 | 1 | 0 |
_aArt history / _cMarilyn Stokstad ; with the collaboration of Bradford R. Collins, and with chapters by Stephen Addiss ... [et al]. |
| 250 | _aRev. ed. | ||
| 260 |
_aNew York : _bH.N. Abrams, _c1999. |
||
| 300 |
_a2 v. (various pagings) : _bill. (some col.), maps (some col.) ; _c30 cm. |
||
| 504 | _aIncludes bibliographical references and index. | ||
| 650 | 0 |
_aArt _xHistory. |
|
| 700 | 1 |
_aCollins, Bradford R., _d1942- |
|
| 700 | 1 |
_aAddiss, Stephen, _d1935- |
|
| 942 |
_2lcc _cGEN |
||
| 999 |
_c13722 _d13722 |
||